Country GDP Challenge - Statistics

General Stats
  • This quiz has been taken 2 times
  • The average score is 3 of 20
Answers on the Map
Answers color-coded by a green-red scale on the quiz's map according to % correct below.
 
Answer Stats
Answer % Correct
27 Trillion
100%
?
50%
1.6 Trillion
50%
3.5 Trillion
50%
4.5 Trillion
50%
1.1 Trillion
0%
1.2 Trillion
0%
1.3 Trillion
0%
17 Trillion
0%
1.7 Trillion
0%
1.8 Trillion
0%
1.9 Trillion
0%
1 Trillion
0%
2.1 Trillion
0%
2.2 Trillion
0%
2.3 Trillion
0%
2 Trillion
0%
3.3 Trillion
0%
3 Trillion
0%
4.2 Trillion
0%
No matching quizzes found
Score Distribution
Percent of People with Each Score
Percentile by Number Answered
Your Score History
You have not taken this quiz